Optimálna finančná a kapitálová štruktúra v spoločnosti Lagermax, s.r.o. diplomová práca

Salvato in:
Dettagli Bibliografici
Autore principale: Vrábelová, Silvia
Ente Autore: Fakulta podnikového manažmentu EU. Katedra podnikových financií
Altri autori: Polednáková, Anna, 1957-
Natura: Libro
Lingua:slovacco
Pubblicazione: Bratislava 2009
Tags: Aggiungi Tag
Nessun Tag, puoi essere il primo ad aggiungerne!!

MARC

LEADER 00000nam$a2200000$$$4500
001 0101594
005 20240319124606.1
041 0 |a slo 
044 |a SK 
245 1 0 |a Optimálna finančná a kapitálová štruktúra v spoločnosti Lagermax, s.r.o.  |b diplomová práca  |c Silvia Vrábelová ; škol. Anna Polednáková 
264 1 |a Bratislava  |c 2009 
300 |a 98 s. 
100 1 |a Vrábelová, Silvia 
700 1 |a Polednáková, Anna, 1957- 
710 2 |a Fakulta podnikového manažmentu EU. Katedra podnikových financií